书目信息 |
| 题名: |
世纪的独白
|
|
| 作者: | 戴树成 著 | |
| 分册: | ||
| 出版信息: | 北京 中国广播电视出版社 1999.08 |
|
| 页数: | 279页 | |
| 开本: | 20cm | |
| 丛书名: | ||
| 单 册: | ||
| 中图分类: | F279.241 | |
| 科图分类: | 29.157042 | |
| 主题词: | 国营企业经济体制改革研究 , 国营企业 | |
| 电子资源: | ||
| ISBN: | 7-5043-3388-3 | |
| 000 | 01092nam0 2200277 450 | |
| 001 | 0101096033 | |
| 005 | 20060919160043.75 | |
| 010 | @a7-5043-3388-3@dCNY24.80 | |
| 100 | @a20050311d1999 am y0chiy0120 eb | |
| 101 | 0 | @achi@eeng |
| 102 | @aCN@b110000 | |
| 105 | @ay z 000yy | |
| 200 | 1 | @a世纪的独白@Ashi ji de du bai@e中国国有企业改革的思考@f戴树成著@Fdai shu cheng zhu |
| 210 | @a北京@c中国广播电视出版社@d1999.08 | |
| 215 | @a279页@d20cm | |
| 330 | @a有这样一个问题,总是在我的脑海里挥之不去:医治国个痼疾的药方已经开出不少,但仍未实现所谓的"大军突围",是"药效"作用的时间未到?还是药不对症?带着这些问题,笔者试图从活生生的社会实践中去寻找答案. | |
| 510 | 1 | @aThinking alound at the turn of the century@eReflections on the reform of state-owned enterprises in Chine@zeng |
| 517 | 1 | @a中国国有企业改革的思考@9zhong guo guo you qi ye gai ge de si kao |
| 606 | 0 | @a国营企业经济体制改革研究 |
| 606 | 0 | @a国营企业 |
| 690 | @aF279.241@v3 | |
| 692 | @a29.157042@v2 | |
| 701 | 0 | @a戴树成@4著 |
| 801 | @acn@bbwkj@c20060919 | |
| 905 | @aBZT@dF279.241@e222 | |
| 906 | @dCNY24.80@n0@r1 | |
| 世纪的独白:中国国有企业改革的思考/戴树成著.-北京:中国广播电视出版社,1999.08 |
| 279页;20cm |
| ISBN 7-5043-3388-3:CNY24.80 |
| 有这样一个问题,总是在我的脑海里挥之不去:医治国个痼疾的药方已经开出不少,但仍未实现所谓的"大军突围",是"药效"作用的时间未到?还是药不对症?带着这些问题,笔者试图从活生生的社会实践中去寻找答案. |
| ● |
| 相关链接 |
|
|
|
正题名:世纪的独白
索取号:F279.241/222
 
预约/预借
| 序号 | 登录号 | 条形码 | 馆藏地/架位号 | 状态 | 备注 |
| 1 | 460277 | 230063250 | 中心书库北库/ 北库015架B面2列1层2/ [索取号:F279.241/222] | 在馆 | |
| 2 | 460278 | 230063251 | 中心书库北库/ 北库015架B面2列1层1/ [索取号:F279.241/222] | 在馆 | |
| 3 | 460279 | 230063252 | 中心书库北库/ 北库015架B面2列1层3/ [索取号:F279.241/222] | 在馆 | |
| 4 | 460280 | 230063253 | 中心书库北库/ 北库015架B面2列1层4/ [索取号:F279.241/222] | 在馆 | |
| 5 | 460281 | 230063254 | 中心书库北库/ 北库015架B面2列1层5/ [索取号:F279.241/222] | 在馆 | |
| 6 | 498596 | 230017448 | 中心书库北库/ 北库015架B面2列1层6/ [索取号:F279.241/222] | 在馆 | |
| 7 | 498597 | 230017449 | 中心书库北库/ 北库015架B面2列1层7/ [索取号:F279.241/222] | 在馆 | |
| 8 | 498598 | 230017450 | 中心书库北库/ 北库015架B面2列1层9/ [索取号:F279.241/222] | 在馆 | |
| 9 | 498599 | 230017451 | 中心书库北库/ 北库015架B面2列1层8/ [索取号:F279.241/222] | 在馆 | |
| 10 | 498600 | 230017452 | 中心书库北库/ 北库015架B面2列1层10/ [索取号:F279.241/222] | 在馆 |